Estudio geométrico de superficies
Furkejuvvon:
| Váldodahkki: | |
|---|---|
| Materiálatiipa: | Girji |
| Giella: | espánnjágiella |
| Almmustuhtton: |
Montevideo
Universidad de la República
1965
|
| Fáttát: | |
| Fáddágilkorat: |
Lasit fáddágilkoriid
Eai fáddágilkorat, Lasit vuosttaš fáddágilkora!
|
MARC
| LEADER | 00000nam a2200000 a 4500 | ||
|---|---|---|---|
| 001 | UCV7972 | ||
| 003 | CL-VaPUC | ||
| 008 | 900319e19650000UY |||||||||||||||||spa|d | ||
| 082 | 0 | 4 | |a 516 |b SAL |2 21 |
| 100 | 0 | |a Sales, Julio C |e author |9 302068 | |
| 245 | 1 | 0 | |a Estudio geométrico de superficies |
| 300 | |a 193 p | ||
| 942 | |c BK | ||
| 945 | |d 19900319 00:00:00 | ||
| 260 | |a Montevideo |b Universidad de la República |c 1965 | ||
| 650 | 0 | |a Geometría |9 264063 | |
| 650 | 7 | |a SUPERFICIES |2 CL-VaPUC |9 265869 | |
| 583 | |a last modification |c 19900319 00:00:00 |k Rodrigo Vera | ||
| 999 | |c 213569 |d 213567 | ||
| 952 | |0 0 |1 0 |4 0 |6 516_000000000000000_SAL_1965 |7 0 |8 P |9 196063 |a BIBARQ |b BIBARQ |d 2019-11-14 |i 2640155 |o 516 SAL 1965 |p 2640155 |r 2025-01-20 |w 2019-11-14 |y BK |k ARQ | ||